Promotion of Investments Act 1996 and 0rders
| Format: | Book |
|---|---|
| Published: |
Kuala Lumpur :
MDC Publishers Printers ,
1995
|
| Subjects: |
MARC
| LEADER | 00000cam a2200000 7i4500 | ||
|---|---|---|---|
| 001 | 0000009156 | ||
| 002 | 000009971 | ||
| 005 | 20000330.0 | ||
| 020 | |a 9677003380 | ||
| 090 | 0 | 0 | |a 346.092 |b PRO |
| 245 | 0 | 0 | |a Promotion of Investments Act 1996 and 0rders |
| 260 | |a Kuala Lumpur : |b MDC Publishers Printers , |c 1995 | ||
| 300 | |a 134p. ; |c 26cm. | ||
| 500 | |a All amendments up to August, 1995 | ||
| 650 | 0 | 0 | |a Investments |z Malaysia |x Law and legislation |
| 650 | 0 | 0 | |a Law |z Malaysia |
| 999 | |a 047997 |b BUKU |c AKTA |e PERPUSTAKAAN KOMUNITI PETALING JAYA | ||